00994nam a2200145Ii 4500040000800000082002600008100002400034245006500058246006700123300002300190520058500213650001600798650002400814650001000838 cOSU a951 HAR 2017 A118 Or.1 aTeicher, Harald B.,10aPesticides & biopesticides :bformulation & mode of action /1 aPesticides and biopesticides :bformulation and mode of action a134 pages ;c23 cm aAimed at students, professionals, and others wishing to understand basic biological aspects of crop protection, this book is an easily accessible introduction to essential principles of pesticide and biopesticide mode of action and formulation. Because the mode of action of a biopesticide typically differs from that of conventional pesticides, it is crucial to understand how a biopesticide works in crop protection programs - including the influences of various biotic and abiotic factors as well as a biological understanding of the mode of action of these products. -- COVER 0aPesticides. 0aNatural pesticides. 0aPests